Lagartos luchadores : (Registro nro. 37260)
[ vista simple ]
| 000 -CABECERA | |
|---|---|
| Longitud fija campo de control | 01014nam a2200217 4500 |
| 003 - • IDENTIFICADOR DELl NÚMERO DE CONTROL | |
| Identificador del número de control | CO-ViMGA |
| 020 ## - • NÚMERO INTERNACIONAL NORMALIZADO PARA LIBROS | |
| Número Internacional Normalizado para Libros (ISBN) | 9789583044090 |
| 040 ## - FUENTE DE LA CATALOGACIÓN | |
| Centro catalogador de origen | CO-ViMGA |
| Lengua de catalogación | spa |
| Centro transcriptor | CO-ViMGA |
| 082 04 - • NÚMERO DE LA CLASIFICACIÓN DECIMAL DEWEY | |
| Número de clasificación (R) | I 741.5 |
| Número del ítem | L554L |
| 100 1# - • PUNTO DE ACCESO PRINCIPAL-NOMBRE DE PERSONA | |
| Nombre de persona | Lemke, Donald |
| 245 10 - • TITULO PROPIAMENTE DICHO | |
| Título | Lagartos luchadores : |
| Resto del título | ¡una lucha camaleónica! / |
| Mención de responsabilidad, etc. | escrito por Donald Lemke ; ilustrado por Chris "Elio" Eliopoulos ; traducción del inglés Jorge E. Salgar Restrepo |
| 300 ## - • DESCRIPCIÓN FÍSICA | |
| Extensión | 37 p. : |
| Otras características físicas | il. ; dibujos ; color |
| 500 ## - • NOTA GENERAL | |
| Nota general | Incluye datos biográficos de los autores |
| 520 ## - • NOTA DE RESUMEN | |
| Resumen, etc, | ¡Bienvenidos a Villalucha! Es la pequeña ciudad de los lagartos luchadores. Hoy tendremos, como siempre, una feroz batalla en la que descubrirás espectaculares datos acerca de los más temibles lagartos del mundo... tomado de https://bit.ly/2sgIqN1 |
| 534 ## - • Nota De Versión Original | |
| -- | Lucha lizards |
| 650 14 - • PUNTO DE ACCESO ADICIONAL DE MATERIA - TÉRMINO DE MATERIA | |
| Término de materia o nombre geográfico como elemento inicial | Novela gráfica |
| 650 14 - • PUNTO DE ACCESO ADICIONAL DE MATERIA - TÉRMINO DE MATERIA | |
| Término de materia o nombre geográfico como elemento inicial | Tiras cómicas, historietas, etc. |
| 700 1# - • PUNTO DE ACCESO ADICIONAL - NOMBRE DE PERSONA | |
| Nombre de persona | Eliopoulos, Chris |
| 942 ## - ENTRADA DE ELEMENTOS AGREGADOS (KOHA) | |
| Fuente de clasificaión o esquema | Dewey Decimal Classification |
| Koha [por defecto] tipo de item | LIbro |
| Perdido | Fuente de clasificación o esquema | Estado Físico | No para préstamo | Forma de adquisición | Localización permanente | Localización actual | Fecha adquisición | Préstamos totales | Signatura completa | Código de barras | Fecha última consulta | Fecha del precio de reemplazo | Tipo de item de Koha | Renovaciones totales | Fecha último préstamo |
|---|---|---|---|---|---|---|---|---|---|---|---|---|---|---|---|
| Dewey Decimal Classification | Sala Infantil Segundo Piso | Biblioteca Pública Germán Arciniegas - Villavicencio | Biblioteca Pública Germán Arciniegas - Villavicencio | 03/27/2020 | I 741.5 L554L | 33128 | 03/27/2020 | 03/27/2020 | LIbro | ||||||
| Dewey Decimal Classification | Sala Infantil Segundo Piso | Biblioteca Pública Germán Arciniegas - Villavicencio | Biblioteca Pública Germán Arciniegas - Villavicencio | 03/27/2020 | 1 | I 741.5 L554L | 33129 | 11/16/2022 | 03/27/2020 | LIbro | 2 | 10/25/2022 |